Statystyki dla Polski alfabet.

Kliknij tutaj aby rozwiązać quiz!

Ogólne statystyki

  • Ten quiz został rozwiązany 62 706 razy
    (62 703 od ostatniego zresetowania)
  • Średni wynik to 32 z 35

Statystyki odpowiedzi

litery% Poprawnych
E
99%
A
99%
Ę
99%
Ą
99%
B
98%
C
98%
Ć
98%
D
98%
I
97%
J
97%
H
97%
F
97%
G
97%
K
96%
L
96%
Ł
96%
Ó
95%
O
95%
R
94%
P
94%
N
93%
Ń
93%
M
93%
T
92%
S
91%
Ś
91%
U
89%
W
89%
Z
86%
Ź
86%
Ż
86%
Y
83%
X
72%
Q
68%
V
56%

Rozkład punktacji

Percentyl według liczby udzielonych odpowiedzi

Procent ludzi z każdym wynikiem

Twoja historia wyników

Nie rozwiązałeś tego quizu od ostatniego zresetowania